| 000 | 00727cab a2200265 4500 | ||
|---|---|---|---|
| 001 | ABS49324 | ||
| 008 | 090401t1993 xxu||||| |||| 00| 0 eng d | ||
| 035 | _a(Sirsi) u70913 | ||
| 041 | _aeng | ||
| 100 | _aSamuels, A. | ||
| 245 | _aQuiet please | ||
| 260 | _c1993 | ||
| 350 | _a0 | ||
| 490 |
_aSolicitors` Journal _v137(36) 24 September 1993, 941(1) |
||
| 520 | _aReviews the Noise and Statutory Nuisance Act 1993. | ||
| 650 | _aBURGLAR ALARMS | ||
| 650 | _aCONTROL OF POLLUTION ACT 1974 | ||
| 650 | _aNOISE ABATEMENT | ||
| 650 | _aNOISE AND STATUTORY NUISANCE ACT 1993 | ||
| 650 | _aNOISE POLLUTION | ||
| 650 | _aNOISE | ||
| 690 | _aENVIRONMENTAL AND LAND CONSULTANCY | ||
| 942 | _n0 | ||
| 948 | _c04/03/1997 | ||
| 999 |
_c44676 _d44676 |
||